Modelos y teorías de la historia del arte

Gespeichert in:
Bibliographische Detailangaben
1. Verfasser: Plazaola Artola, Juan (VerfasserIn)
Format: Buch
Sprache:Spanisch
Veröffentlicht: Bilbao Universidad de Deusto 2015
Ausgabe:4a. ed
Schriftenreihe:Serie Humanidades, 4
Schlagworte:
Tags: Tag hinzufügen
Keine Tags, Fügen Sie den ersten Tag hinzu!

MARC

LEADER 00000cam a2200000 a 4500
001 UCD6757
003 CL-VaPUC
008 170113e20150000sp |||||||||||||||||spa|d
020 |a 9788415759560 
082 0 4 |a 709.03  |b PLA  |2 21 
100 0 |a Plazaola Artola, Juan  |e author  |9 590572 
245 1 0 |a Modelos y teorías de la historia del arte 
250 |a 4a. ed 
300 |a 127 p 
942 |c BK 
945 |d 20170113 07:29:00  |a arojas 
260 |a Bilbao  |b Universidad de Deusto  |c 2015 
650 0 |a Historia del arte  |9 314877 
650 0 |a Artes plásticas  |9 268637 
650 0 |a Bellas artes  |9 334299 
583 |a last modification  |c 20170113 07:29:00  |k Rodrigo Vera 
490 0 |a Serie Humanidades, 4 
999 |c 366945  |d 366943 
952 |0 0  |1 0  |3 erb  |4 0  |6 709_030000000000000_PLA_2015  |7 0  |8 A  |9 481601  |a BIBHIS  |b BIBHIS  |i 5359872  |l 1  |m 2  |o 709.03 PLA 2015  |p 5359872  |r 2025-04-16  |s 2025-03-25  |w 2019-11-24  |y BK  |z Catalogado en:20170113  |k HIS